000
00328nam a2200145Ia 4500
100
_a
Antonovich/ Michael
942
_c
BK
654
_a
Fox pro 2
245
_a
Fox Pro 2.5 For Windows Programming guide
260
_b
Galgotia
_a
New Delhi
_c
1994
082
_a
005.13' FOX'
300
_a
579
546
_a
ENGLISH
999
_c
32687
_d
32687